Le poids de l'agriculture en Europe - Statistiques

Statistiques générales
  • Ce quiz a été pris 367 fois
  • Le résultat moyen est 5 sur 6
Statistiques - réponses
Part du PIB Pays % Correct
Entre 1 et 2 % France | Norvège | Suède [ Italie | Autriche | Slovaquie | Tchéquie | Slovénie
100%
Entre 2 et 3 % Espagne | Portugal | Finlande | Estonie [ Lituanie | Pologne | Hongrie | Croatie
92%
Moins de 1 % Royaume-Uni | Belgique [ Pays-Bas | Allemagne | Suisse
92%
Plus de 10 % Ukraine | Albanie
78%
Entre 3 et 5 % Islande | Lettonie | Roumanie | Bulgarie | Grèce
75%
Entre 5 et 10 % Serbie | Bosnie-Herzégovine | Monténégro | Macédoine | Biélorussie | Turquie
58%
Aucun quiz correspondant
Distribution des résultats
% des personnes avec chaque résultat
Percentile par nombre de réponses
Votre historique - résultats
Vous n’avez pas pris ce quiz